Logo CIB grande

REEDICION DEUDA GORDIANA DE ELOY ALFARO Y ESTUDIO HISTORICO DE LA DEUDA ANGLO-ECUATORIANA DE EMILIO MARIA TERAN (Registro nro. 231646)

Detalles MARC
000 -LEADER
campo de control de longitud fija 00637nam a2200229Ia 4500
005 - FECHA Y HORA DE LA ÚLTIMA TRANSACCIÓN
campo de control 20250425162544.0
008 - DATOS DE LONGITUD FIJA--INFORMACIÓN GENERAL
campo de control de longitud fija 250425s9999 xx 000 0 und d
020 ## - NÚMERO INTERNACIONAL ESTÁNDAR DEL LIBRO
Número Internacional Estándar del Libro 9789942073785
041 ## - CÓDIGO DE IDIOMA
Código de lengua del texto/banda sonora o título independiente spa
082 ## - NÚMERO DE LA CLASIFICACIÓN DECIMAL DEWEY
Número de clasificación 336.3435
010 ## - NÚMERO DE CONTROL DE LA BIBLIOTECA DEL CONGRESO
Número de control de LC 85362
100 ## - ENTRADA PRINCIPAL--NOMBRE DE PERSONA
Nombre de persona NUÑEZ SANCHEZ, JORGE
245 #0 - MENCIÓN DEL TÍTULO
Título REEDICION DEUDA GORDIANA DE ELOY ALFARO Y ESTUDIO HISTORICO DE LA DEUDA ANGLO-ECUATORIANA DE EMILIO MARIA TERAN
250 ## - MENCION DE EDICION
Mención de edición 1A ED.
260 ## - PUBLICACIÓN, DISTRIBUCIÓN, ETC.
Lugar de publicación, distribución, etc. Ecuador
Nombre del editor, distribuidor, etc. MCPE
Fecha de publicación, distribución, etc. 2013
260 ## - PUBLICACIÓN, DISTRIBUCIÓN, ETC.
Lugar de publicación, distribución, etc. QUITO
300 ## - DESCRIPCIÓN FÍSICA
Extensión 563
500 ## - NOTA GENERAL
Nota general SERIE HISTORIA DE LA POLITICA ECONOMICA DEL ECUADOR
650 ## - PUNTO DE ACCESO ADICIONAL DE MATERIA--TÉRMINO DE MATERIA
Término de materia o nombre geográfico como elemento de entrada DEUDA
650 ## - PUNTO DE ACCESO ADICIONAL DE MATERIA--TÉRMINO DE MATERIA
Término de materia o nombre geográfico como elemento de entrada ECUADOR
942 ## - ELEMENTOS DE ENTRADA SECUNDARIOS (KOHA)
Tipo de ítem Koha Libros
Existencias
Estatus retirado Estado de pérdida Estado de daño No para préstamo Biblioteca de origen Biblioteca actual Ubicación en estantería Fecha de adquisición Coste, precio normal de compra Etiqueta RFID Total de préstamos Código de barras Copia número Tipo de ítem Koha
        CENTRO DE INFORMACIÓN BIBLIOTECARIA CENTRO DE INFORMACIÓN BIBLIOTECARIA   26/06/2013 20.00 0000000000000000003834   D-94479 1 Libros

Copyright 2025 ESPOL. Todos los derechos reservados.